00740 a2200229 4500003000400000005001700004008004100021010001600062020001500078020001800093040000600111082001100117100002000128245004600148260003700194300003300231500003100264650002800295650002900323856008500352856007300437OSt20180116192329.0120516t xxu||||| |||| 00| 0 eng d a 87014031 a0070191115 a9788131510001 c000a729.291 aEgan, M. David.10aArchitectural acoustics /cM. David Egan. aNew York :bMcGraw-Hill,cc1988. axx, 411 p. :bill. ;c29 cm. aIncludes index (P403-P411) 0aAcoustical engineering. 0aArchitectural acoustics.423Publisher descriptionuhttp://www.loc.gov/catdir/description/mh022/87014031.html423Table of contentsuhttp://www.loc.gov/catdir/toc/mh021/87014031.html